| 000 | 00396nam a2200145Ia 4500 | ||
|---|---|---|---|
| 008 | 230917s9999||||xx |||||||||||||| ||und|| | ||
| 040 |
_e124581 _aMAIN |
||
| 041 | _aEnglish | ||
| 082 | _a327.54073 G959A | ||
| 100 | _aGupta, Vinod | ||
| 245 | 0 | _aAnderson papers : a study of nixoris blackmail of India | |
| 260 |
_aDelhi _bIndian School Supply Depot _c1972 |
||
| 300 | _a236p. p. | ||
| 942 | _cBK | ||
| 999 |
_c131635 _d131635 |
||